El valor de los aragoneses, premiado por el patriotismo de los habitantes de esta Nueva España. México 16 de agosto de 1809. Subscripcion. Promovida en esta capital á favor de los defensores de Zaragoza y lista de las personas que ya han contribuido para ella

Detalles Bibliográficos
Formato: Libro
Lenguaje:Spanish
Publicado: México : s.n., 1809.
Materias:
Colección:Banco de datos
Acervo:Biblioteca Palafoxiana. Colección de Pliegos Sueltos
Descripción Física:8 p. ; 4°
Tema general:Política
LEADER 00686nam a22001690004500
035 |a 980 
041 0 |a spa 
082 0 4 |a FR/PAFX/IMPS/C048/01103 
245 1 0 |a El valor de los aragoneses, premiado por el patriotismo de los habitantes de esta Nueva España. México 16 de agosto de 1809. Subscripcion. Promovida en esta capital á favor de los defensores de Zaragoza y lista de las personas que ya han contribuido para ella 
260 |a México : s.n., 1809. 
300 |a 8 p. ; 4° 
610 1 4 |a México - Historia - Virreinato, 1535-1821 
650 1 0 |a Política 
949 |a I01103 
942 |c PALAPLIE 
943 |g Biblioteca Palafoxiana. Colección de Pliegos Sueltos 
999 |c 1074270  |d 1074270